000 01101nam a2200289Ia 4500
005 20240530110911.0
008 140319s1991 le g b 000 0 ara d
017 _bمصر. دار الكتب
020 _a9789953821696
040 _aGCL /
_cGCL
082 0 4 _a327.56/
_bم م
_221
100 0 _aمحسن عوض
245 1 0 _aمقاومة التطبيع :
_bثلاثون عاما من المواجهة /
_cمحسن عوض، ممدوح سالم، احمد عبيد
250 _aط.1
260 _aبيروت :
_bمركز دراسات الوحدة العربية،
_c2007.
300 _a351 ص. ؛
_c24 سم.
504 _aيشتمل على ارجاعات ببليوجرافية
650 0 7 _aالنزاع العربى الاسرائيلى
_2qrmak
650 0 7 _aالامن القومى
_2qrmak
651 _2qrmak
653 0 _aالتطبيع
653 0 _aالمقاطعة العربية لاسرائيل
700 0 _aممدوح سالم
_eمؤلف مشارك
700 0 _aاحمد عبيد
_eمؤلف مشارك
942 _2ddc
_cBK
999 _c66312
_d66312